[Event "Bundesliga 9697"]
[Site "Deutschland"]
[Date "1997.??.??"]
[Round "?.2"]
[White "Kabatianski, Alexandr"]
[Black "Jussupow, Artur"]
[Result "1/2-1/2"]
[WhiteElo "2440"]
[BlackElo "2665"]
[PlyCount "79"]
[EventDate "1996.10.??"]
[EventType "team"]
[EventRounds "15"]
[EventCountry "GER"]
[SourceTitle "Bundesliga 9697"]
[Source "DeepChess"]
[SourceDate "2005.01.01"]
[SourceVersion "1"]
[SourceVersionDate "2005.01.01"]
[SourceQuality "1"]
[WhiteTeam "SC Eppingen e.V."]
[BlackTeam "SG 1868 Aljech. Solingen"]
[WhiteTeamCountry "GER"]
[BlackTeamCountry "GER"]

1. d4 e6 2. Nf3 f5 3. g3 Nf6 4. Bg2 d5 5. c4 c6 6. O-O Bd6 7. Qc2 O-O 8. b3 Qe7
9. Ne5 Bd7 10. Nd2 Be8 11. Ndf3 Bh5 12. Nd3 Nbd7 13. Bf4 Ne4 14. Bxd6 Nxd6 15.
e3 Bxf3 16. Bxf3 Rac8 17. Rac1 g5 18. Bg2 g4 19. f4 gxf3 20. Bxf3 Kh8 21. Qe2
Rg8 22. Kh1 Nf6 23. Rg1 Rcf8 24. g4 fxg4 25. Bxg4 Nde4 26. Bf3 Ng5 27. Rcf1 Rg7
28. Rg3 Nfe4 29. Bxe4 Nxe4 30. Rxf8+ Qxf8 31. Rxg7 Qxg7 32. Qf3 h6 33. Ne5 Kh7
34. Qf4 Ng5 35. Qf2 Ne4 36. Qf4 Ng5 37. Qf2 Ne4 38. Qf4 Ng5 39. Qf2 Ne4 40. Qf4
1/2-1/2

[Event "Bundesliga 9697"]
[Site "Deutschland"]
[Date "1997.??.??"]
[Round "?.3"]
[White "Piket, Jeroen"]
[Black "Arnold, Lothar"]
[Result "1-0"]
[WhiteElo "2640"]
[BlackElo "2375"]
[PlyCount "67"]
[EventDate "1996.10.??"]
[EventType "team"]
[EventRounds "15"]
[EventCountry "GER"]
[SourceTitle "Bundesliga 9697"]
[Source "DeepChess"]
[SourceDate "2005.01.01"]
[SourceVersion "1"]
[SourceVersionDate "2005.01.01"]
[SourceQuality "1"]
[WhiteTeam "SG 1868 Aljech. Solingen"]
[BlackTeam "SC Eppingen e.V."]
[WhiteTeamCountry "GER"]
[BlackTeamCountry "GER"]

1. d4 e6 2. c4 Nf6 3. Nc3 c5 4. d5 d6 5. e4 g6 6. Bd3 Bg7 7. Nf3 O-O 8. h3 exd5
9. cxd5 b5 10. Nxb5 Re8 11. O-O Nxe4 12. Re1 a6 13. Na3 Nf6 14. Rxe8+ Nxe8 15.
Bg5 Qc7 16. Qa4 Nd7 17. Re1 Nef6 18. Qc6 Qb8 19. Nc4 Bb7 20. Qxd6 Qxd6 21. Nxd6
Bxd5 22. Nd2 h6 23. Be3 Nh7 24. Bc4 Bxc4 25. N2xc4 Nhf8 26. Rd1 h5 27. b3 Bf6
28. Rd5 Be7 29. Bxc5 Nxc5 30. Rxc5 Ne6 31. Rc6 Kg7 32. Rb6 Nd8 33. Kf1 Bf6 34.
Ne8+ 1-0

[Event "Bundesliga 9697"]
[Site "Deutschland"]
[Date "1997.??.??"]
[Round "?.4"]
[White "Miltner, Arndt"]
[Black "Gabriel, Christian"]
[Result "0-1"]
[WhiteElo "2375"]
[BlackElo "2570"]
[PlyCount "132"]
[EventDate "1996.10.??"]
[EventType "team"]
[EventRounds "15"]
[EventCountry "GER"]
[SourceTitle "Bundesliga 9697"]
[Source "DeepChess"]
[SourceDate "2005.01.01"]
[SourceVersion "1"]
[SourceVersionDate "2005.01.01"]
[SourceQuality "1"]
[WhiteTeam "SC Eppingen e.V."]
[BlackTeam "SG 1868 Aljech. Solingen"]
[WhiteTeamCountry "GER"]
[BlackTeamCountry "GER"]

1. Nf3 d5 2. e3 Nf6 3. c4 e6 4. b3 c5 5. Bb2 Be7 6. cxd5 exd5 7. d4 b6 8. Nc3
O-O 9. Be2 Nc6 10. O-O Ne4 11. dxc5 Nxc3 12. Bxc3 bxc5 13. Qd2 Re8 14. Rfd1 Be6
15. Qb2 Bf8 16. Ne5 Nxe5 17. Bxe5 Qb6 18. Rd2 Red8 19. Rad1 Rd7 20. Bf3 Rad8
21. Bc3 Qc6 22. h3 h6 23. Ba5 Re8 24. Qe5 f6 25. Qh5 Bf7 26. Qf5 Re5 27. Qd3
Qe6 28. Bc3 d4 29. Qf1 Rxe3 30. Bg4 f5 31. Bxf5 Qxf5 32. fxe3 Qe6 33. Bb2 Qxe3+
34. Qf2 Qg5 35. Rd3 Bd6 36. Rf3 Qe5 37. g4 Bd5 38. Re1 Qh2+ 39. Qxh2 Bxh2+ 40.
Kxh2 Bxf3 41. Kg3 Bb7 42. Rd1 Rf7 43. Rd2 Rf3+ 44. Kh2 a5 45. Ba3 c4 46. Rxd4
Rf2+ 47. Kg3 Rxa2 48. Bc5 cxb3 49. Rd8+ Kh7 50. Rd7 Bc6 51. Rc7 Ra4 52. Rxc6 b2
53. Rb6 Rb4 54. Bxb4 b1=Q 55. Bxa5 Qa1 56. Rb4 Qxa5 57. Rf4 Qe5 58. Kf3 Qc3+
59. Kg2 Qe1 60. Rf2 h5 61. gxh5 Kh6 62. Rf4 Kxh5 63. Rg4 g6 64. Kf3 Qh1+ 65.
Kg3 Qg1+ 66. Kf3 Qh2 0-1

[Event "Bundesliga 9697"]
[Site "Deutschland"]
[Date "1997.??.??"]
[Round "?.5"]
[White "Bischoff, Klaus"]
[Black "Schneider, Bernd2"]
[Result "1-0"]
[WhiteElo "2550"]
[BlackElo "2245"]
[PlyCount "83"]
[EventDate "1996.10.??"]
[EventType "team"]
[EventRounds "15"]
[EventCountry "GER"]
[SourceTitle "Bundesliga 9697"]
[Source "DeepChess"]
[SourceDate "2005.01.01"]
[SourceVersion "1"]
[SourceVersionDate "2005.01.01"]
[SourceQuality "1"]
[WhiteTeam "SG 1868 Aljech. Solingen"]
[BlackTeam "SC Eppingen e.V."]
[WhiteTeamCountry "GER"]
[BlackTeamCountry "GER"]

1. c4 e6 2. Nf3 Nf6 3. d4 Bb4+ 4. Nbd2 O-O 5. a3 Be7 6. g3 b6 7. Bg2 Bb7 8. O-O
c5 9. dxc5 bxc5 10. b3 Qc7 11. Bb2 d6 12. Qc2 h6 13. b4 Nbd7 14. Rfc1 Rab8 15.
e4 Rfe8 16. Ne1 e5 17. Nd3 Bd8 18. Re1 Nf8 19. bxc5 dxc5 20. Nf1 N6d7 21. Ne3
Ne6 22. Nd5 Qd6 23. f4 f6 24. Bh3 Ba5 25. Re2 Bc6 26. Rf1 Rb7 27. Ref2 Nd4 28.
Bxd4 exd4 29. e5 Qf8 30. Bg2 Nb8 31. g4 Bd8 32. Re2 f5 33. gxf5 Qxf5 34. Be4
Qc8 35. Rg2 Kh8 36. Qe2 Nd7 37. Qg4 Rg8 38. Qf5 g6 39. Rxg6 Rxg6+ 40. Qxg6 Nf8
41. Qxh6+ Kg8 42. Rf3 1-0

[Event "Bundesliga 9697"]
[Site "Deutschland"]
[Date "1997.??.??"]
[Round "?.7"]
[White "Schaefer, Markus"]
[Black "Dudek, Richard"]
[Result "0-1"]
[WhiteElo "2435"]
[BlackElo "2305"]
[PlyCount "142"]
[EventDate "1996.10.??"]
[EventType "team"]
[EventRounds "15"]
[EventCountry "GER"]
[SourceTitle "Bundesliga 9697"]
[Source "DeepChess"]
[SourceDate "2005.01.01"]
[SourceVersion "1"]
[SourceVersionDate "2005.01.01"]
[SourceQuality "1"]
[WhiteTeam "SG 1868 Aljech. Solingen"]
[BlackTeam "SC Eppingen e.V."]
[WhiteTeamCountry "GER"]
[BlackTeamCountry "GER"]

1. e4 c6 2. d4 d5 3. Nc3 dxe4 4. Nxe4 Nd7 5. Nf3 Ngf6 6. Ng3 e6 7. Bd3 c5 8.
O-O cxd4 9. Nxd4 Bc5 10. c3 O-O 11. Qe2 Re8 12. Rd1 a6 13. Nb3 Be7 14. Ne4 Qc7
15. Re1 b6 16. Nd4 Bb7 17. Ng5 Nc5 18. Bc2 h6 19. Ngf3 Bd6 20. h3 Nce4 21. Nd2
Nxd2 22. Bxd2 e5 23. Nf5 Qc6 24. Qf1 Bc5 25. Be3 Bxe3 26. Nxe3 Nh5 27. Qc4 Nf4
28. Qxc6 Bxc6 29. Rad1 Rad8 30. f3 Bb5 31. c4 Bc6 32. Nf5 Kf8 33. b4 f6 34. Nd6
Re7 35. b5 axb5 36. cxb5 Bd5 37. Ne4 Red7 38. Nc3 Bc4 39. Rxd7 Rxd7 40. Rd1
Rxd1+ 41. Bxd1 Ke7 42. h4 Kd6 43. a4 Kc5 44. Ne4+ Kb4 45. Nd6 Nd5 46. Bc2 Bb3
47. Be4 Ne7 48. Ne8 f5 49. Bb1 g5 50. hxg5 hxg5 51. Nd6 Bxa4 52. Nf7 Bxb5 53.
Nxe5 Kc3 54. g4 f4 55. Nf7 Bd3 56. Ba2 b5 57. Nxg5 b4 58. Be6 Bc4 59. Ne4+ Kd4
60. Bxc4 Kxc4 61. Kf2 Kd3 62. Nc5+ Kd2 63. g5 Ng6 64. Ne4+ Kc2 65. Ke2 b3 66.
Nd2 b2 67. Ke1 Ne5 68. Ke2 b1=Q 69. Nxb1 Kxb1 70. g6 Nxg6 71. Kd3 Kc1 0-1

[Event "Bundesliga 9697"]
[Site "Deutschland"]
[Date "1997.??.??"]
[Round "?.8"]
[White "Staiger, Frank"]
[Black "Reeh, Oliver"]
[Result "1/2-1/2"]
[WhiteElo "2290"]
[BlackElo "2410"]
[PlyCount "58"]
[EventDate "1996.10.??"]
[EventType "team"]
[EventRounds "15"]
[EventCountry "GER"]
[SourceTitle "Bundesliga 9697"]
[Source "DeepChess"]
[SourceDate "2005.01.01"]
[SourceVersion "1"]
[SourceVersionDate "2005.01.01"]
[SourceQuality "1"]
[WhiteTeam "SC Eppingen e.V."]
[BlackTeam "SG 1868 Aljech. Solingen"]
[WhiteTeamCountry "GER"]
[BlackTeamCountry "GER"]

1. d4 Nf6 2. Nf3 g6 3. e3 Bg7 4. Be2 O-O 5. O-O d6 6. c4 c5 7. Nc3 Nc6 8. a3
Bg4 9. d5 Na5 10. Bd2 Bxf3 11. gxf3 b6 12. Rb1 Rc8 13. e4 e5 14. f4 exf4 15.
Bxf4 Re8 16. Bd3 Nh5 17. Bg3 Qd7 18. Kg2 a6 19. f4 Nxg3 20. hxg3 Rb8 21. a4 Nb7
22. Rh1 Qe7 23. Qg4 Na5 24. Rbe1 Nb3 25. Qd1 Nd4 26. Ne2 Qf8 27. Nxd4 Bxd4 28.
Qc2 Rb7 29. Re2 f6 1/2-1/2

[Event "Bundesliga 9697"]
[Site "Deutschland"]
[Date "1996.??.??"]
[Round "?.1"]
[White "Glek, Igor V"]
[Black "Gyimesi, Zoltan"]
[Result "1/2-1/2"]
[WhiteElo "2670"]
[BlackElo "2480"]
[PlyCount "62"]
[EventDate "1996.10.??"]
[EventType "team"]
[EventRounds "15"]
[EventCountry "GER"]
[SourceTitle "Bundesliga 9697"]
[Source "DeepChess"]
[SourceDate "2005.01.01"]
[SourceVersion "1"]
[SourceVersionDate "2005.01.01"]
[SourceQuality "1"]
[WhiteTeam "SG Bochum 31"]
[BlackTeam "SC Eppingen e.V."]
[WhiteTeamCountry "GER"]
[BlackTeamCountry "GER"]

1. e4 e5 2. Nf3 Nc6 3. Nc3 Nf6 4. g3 Bc5 5. Bg2 d6 6. d3 a6 7. O-O Be6 8. Be3
Bxe3 9. fxe3 Bg4 10. Qd2 Bxf3 11. Rxf3 Ne7 12. Raf1 c6 13. Nd1 O-O 14. Qe2 Ng6
15. Rxf6 gxf6 16. Qh5 Kh8 17. Nf2 Re8 18. Ng4 Re6 19. Nh6 Qf8 20. Bh3 Qg7 21.
Nf5 Qf8 22. Nh4 Nxh4 23. Bxe6 fxe6 24. Qxh4 Kg7 25. Qg4+ Kf7 26. Qh5+ Kg7 27.
Qg4+ Kf7 28. d4 Qh6 29. Qf3 Ke7 30. c4 Rf8 31. Qe2 Qg5 1/2-1/2

[Event "Bundesliga 9697"]
[Site "Deutschland"]
[Date "1996.??.??"]
[Round "?.3"]
[White "Nijboer, Friso"]
[Black "Arnold, Lothar"]
[Result "1-0"]
[WhiteElo "2525"]
[BlackElo "2375"]
[PlyCount "93"]
[EventDate "1996.10.??"]
[EventType "team"]
[EventRounds "15"]
[EventCountry "GER"]
[SourceTitle "Bundesliga 9697"]
[Source "DeepChess"]
[SourceDate "2005.01.01"]
[SourceVersion "1"]
[SourceVersionDate "2005.01.01"]
[SourceQuality "1"]
[WhiteTeam "SG Bochum 31"]
[BlackTeam "SC Eppingen e.V."]
[WhiteTeamCountry "GER"]
[BlackTeamCountry "GER"]

1. e4 e6 2. d4 d5 3. Nc3 Nf6 4. e5 Nfd7 5. f4 c5 6. Nf3 Nc6 7. Be3 a6 8. Qd2 b5
9. dxc5 Bxc5 10. Bxc5 Nxc5 11. Qf2 Qb6 12. Bd3 b4 13. Ne2 a5 14. O-O Ba6 15.
Kh1 h6 16. Rad1 Na4 17. Qxb6 Nxb6 18. b3 Nd7 19. Ned4 Nxd4 20. Nxd4 g6 21. g4
Nc5 22. f5 Bxd3 23. cxd3 O-O 24. Rf2 a4 25. Rc2 Nd7 26. Re1 axb3 27. axb3 Rac8
28. Nc6 Kg7 29. f6+ Kh7 30. d4 Nb8 31. Nxb4 Rxc2 32. Nxc2 Rc8 33. Na3 Na6 34.
Nb5 Nb4 35. Nd6 Rc7 36. Ra1 Nd3 37. Ra8 Nf4 38. h4 g5 39. h5 Rc1+ 40. Kh2 Rc2+
41. Kg1 Ne2+ 42. Kf1 Ng3+ 43. Ke1 Ne4 44. Nxf7 Rc1+ 45. Ke2 Nc3+ 46. Kd2 Rd1+
47. Kc2 1-0

[Event "Bundesliga 9697"]
[Site "Deutschland"]
[Date "1996.??.??"]
[Round "?.4"]
[White "Miltner, Arndt"]
[Black "Schmittdiel, Eckhard"]
[Result "1-0"]
[WhiteElo "2330"]
[BlackElo "2440"]
[PlyCount "111"]
[EventDate "1996.10.??"]
[EventType "team"]
[EventRounds "15"]
[EventCountry "GER"]
[SourceTitle "Bundesliga 9697"]
[Source "DeepChess"]
[SourceDate "2005.01.01"]
[SourceVersion "1"]
[SourceVersionDate "2005.01.01"]
[SourceQuality "1"]
[WhiteTeam "SC Eppingen e.V."]
[BlackTeam "SG Bochum 31"]
[WhiteTeamCountry "GER"]
[BlackTeamCountry "GER"]

1. d4 f5 2. Nf3 Nf6 3. Bg5 e6 4. Nbd2 Be7 5. Bxf6 Bxf6 6. e4 O-O 7. Bd3 d5 8.
exf5 exf5 9. O-O c5 10. c3 c4 11. Bc2 Nc6 12. Re1 Qd6 13. Qe2 f4 14. Ne5 g6 15.
h3 Bd7 16. Ndf3 Rae8 17. b3 b5 18. a4 a6 19. axb5 axb5 20. bxc4 dxc4 21. Ra6
Qc7 22. Qe4 Bxe5 23. Nxe5 Re6 24. Rea1 Nxe5 25. Ra7 Qb8 26. Rxd7 Qe8 27. Rc7
Nf7 28. Qf3 Re1+ 29. Rxe1 Qxe1+ 30. Kh2 Qd2 31. Be4 b4 32. Bd5 Kg7 33. cxb4
Qxd4 34. Rxc4 Qe5 35. Qc3 Qxc3 36. Rxc3 Rd8 37. Bxf7 Kxf7 38. b5 Rb8 39. Rb3
Rb6 40. g3 fxg3+ 41. Kxg3 Ke6 42. Kf4 Kd5 43. Rb1 h6 44. h4 Kd4 45. f3 Kd3 46.
Rd1+ Ke2 47. Rd5 Rf6+ 48. Ke4 Kf2 49. h5 g5 50. Rf5 Rb6 51. Kd4 Kg3 52. Kc5 Re6
53. b6 Kh4 54. b7 Re8 55. Kc6 Kxh5 56. Rf6 1-0

[Event "Bundesliga 9697"]
[Site "Deutschland"]
[Date "1996.??.??"]
[Round "?.5"]
[White "Bosch, Jeroen"]
[Black "Mann, Christian"]
[Result "0-1"]
[WhiteElo "2425"]
[BlackElo "2440"]
[PlyCount "86"]
[EventDate "1996.10.??"]
[EventType "team"]
[EventRounds "15"]
[EventCountry "GER"]
[SourceTitle "Bundesliga 9697"]
[Source "DeepChess"]
[SourceDate "2005.01.01"]
[SourceVersion "1"]
[SourceVersionDate "2005.01.01"]
[SourceQuality "1"]
[WhiteTeam "SG Bochum 31"]
[BlackTeam "SC Eppingen e.V."]
[WhiteTeamCountry "GER"]
[BlackTeamCountry "GER"]

1. e4 e6 2. d4 d5 3. e5 c5 4. c3 Qb6 5. Nf3 Bd7 6. a3 Bb5 7. Bxb5+ Qxb5 8. a4
Qd7 9. O-O cxd4 10. cxd4 Nc6 11. Nc3 Nge7 12. a5 Ng6 13. a6 Be7 14. Qa4 bxa6
15. Bd2 Rb8 16. Rfc1 Rb6 17. Qd1 O-O 18. Na4 Rb5 19. Bg5 Bb4 20. h4 h6 21. Bd2
Bxd2 22. Qxd2 Na5 23. Nc5 Rxc5 24. dxc5 Nb3 25. Qb4 Nxc1 26. Rxc1 Rc8 27. Ra1
Qc7 28. Rxa6 Qxc5 29. Qxc5 Rxc5 30. Rxa7 Rc1+ 31. Kh2 Rc2 32. b4 Rc4 33. h5 Nf4
34. Ra8+ Kh7 35. Ra7 Rxb4 36. g4 Nd3 37. Rxf7 Rxg4 38. Re7 Nf4 39. Nd4 Rg2+ 40.
Kh1 Rxf2 41. Nxe6 Nxe6 42. Rxe6 Rf5 43. Kg2 Kg8 0-1

[Event "Bundesliga 9697"]
[Site "Deutschland"]
[Date "1996.??.??"]
[Round "?.6"]
[White "Bosbach, Gerhard"]
[Black "Reschke, Stefan"]
[Result "0-1"]
[WhiteElo "2265"]
[BlackElo "2400"]
[PlyCount "75"]
[EventDate "1996.10.??"]
[EventType "team"]
[EventRounds "15"]
[EventCountry "GER"]
[SourceTitle "Bundesliga 9697"]
[Source "DeepChess"]
[SourceDate "2005.01.01"]
[SourceVersion "1"]
[SourceVersionDate "2005.01.01"]
[SourceQuality "1"]
[WhiteTeam "SC Eppingen e.V."]
[BlackTeam "SG Bochum 31"]
[WhiteTeamCountry "GER"]
[BlackTeamCountry "GER"]

1. d4 Nf6 2. c4 g6 3. Nc3 Bg7 4. e4 d6 5. Be2 O-O 6. Bg5 Na6 7. Qc2 Qe8 8. Rd1
c6 9. Nf3 h6 10. Be3 Ng4 11. Bc1 e5 12. h3 exd4 13. Nxd4 Nf6 14. O-O Nc5 15.
Bf3 Nh7 16. Bf4 Qe7 17. Bg4 Bxg4 18. hxg4 Be5 19. Bxe5 dxe5 20. Nf3 Ng5 21.
Nxg5 Qxg5 22. Qd2 Qxg4 23. Qxh6 Rad8 24. f3 Qe6 25. b3 Qe7 26. Qe3 a5 27. Rxd8
Rxd8 28. Rd1 Ra8 29. Ne2 Ne6 30. Qc3 Qc5+ 31. Kf1 Kg7 32. Qe1 a4 33. Qf2 axb3
34. axb3 Qxf2+ 35. Kxf2 Ra2 36. Ke3 Rb2 37. Nc1 Rxg2 38. Rd7 0-1

[Event "Bundesliga 9697"]
[Site "Deutschland"]
[Date "1996.??.??"]
[Round "?.7"]
[White "Ankerst, Mihael"]
[Black "Reinhardt, Bernd"]
[Result "1/2-1/2"]
[WhiteElo "2355"]
[BlackElo "2270"]
[PlyCount "159"]
[EventDate "1996.10.??"]
[EventType "team"]
[EventRounds "15"]
[EventCountry "GER"]
[SourceTitle "Bundesliga 9697"]
[Source "DeepChess"]
[SourceDate "2005.01.01"]
[SourceVersion "1"]
[SourceVersionDate "2005.01.01"]
[SourceQuality "1"]
[WhiteTeam "SG Bochum 31"]
[BlackTeam "SC Eppingen e.V."]
[WhiteTeamCountry "GER"]
[BlackTeamCountry "GER"]

1. e4 Nc6 2. Nf3 d6 3. d4 Nf6 4. c3 e5 5. Bd3 Be7 6. O-O O-O 7. Re1 Bg4 8. d5
Nb8 9. c4 Na6 10. Nc3 c5 11. a3 Ne8 12. Rb1 g6 13. Bh6 Ng7 14. Nb5 Nb8 15. b4
Nd7 16. h3 Bxf3 17. Qxf3 a6 18. Nc3 Bg5 19. Bxg7 Kxg7 20. Re2 cxb4 21. axb4 a5
22. bxa5 Nc5 23. Ra2 Rxa5 24. Rba1 Ra6 25. Bc2 Qd7 26. Na4 Nxa4 27. Bxa4 Qc7
28. Bb5 Rxa2 29. Rxa2 f5 30. g3 h5 31. exf5 Rxf5 32. Qa3 h4 33. g4 Rf8 34. Qa7
Qf7 35. Qb6 Qf3 36. Qxd6 Qxh3 37. Qxe5+ Kh6 38. Bd7 Qb3 39. Qe2 h3 40. Rb2 Qc3
41. Rb1 Ra8 42. Qe4 Rf8 43. Rd1 Qb2 44. Rf1 Rf4 45. Qd3 h2+ 46. Kxh2 Rxf2+ 47.
Rxf2 Qxf2+ 48. Kh1 Be3 49. g5+ Kxg5 50. Qd1 Qh4+ 51. Kg2 Qxc4 52. Qf3 Bc5 53.
Qg3+ Kf6 54. Qf3+ Ke7 55. Be6 Qc2+ 56. Kh3 Kd8 57. Qf6+ Kc7 58. Qf7+ Kb6 59.
Qd7 Qd3+ 60. Kg4 Be3 61. Qd8+ Kb5 62. Qd7+ Ka5 63. Qxb7 Qe2+ 64. Kh3 Qf1+ 65.
Kg3 Qf2+ 66. Kh3 Qf3+ 67. Kh2 Bf4+ 68. Kg1 Qd1+ 69. Kf2 Qd2+ 70. Kf1 Qd3+ 71.
Kf2 Qe3+ 72. Kf1 Qf3+ 73. Kg1 Be3+ 74. Kh2 Qf2+ 75. Kh3 Qf1+ 76. Kg3 Qf2+ 77.
Kh3 Bf4 78. Qb3 Bd6 79. Qc3+ Bb4 80. Qg3 1/2-1/2

[Event "Bundesliga 9697"]
[Site "Deutschland"]
[Date "1997.??.??"]
[Round "?.1"]
[White "Kabatianski, Alexandr"]
[Black "Lutz, Christopher"]
[Result "1/2-1/2"]
[WhiteElo "2440"]
[BlackElo "2555"]
[PlyCount "35"]
[EventDate "1996.10.??"]
[EventType "team"]
[EventRounds "15"]
[EventCountry "GER"]
[SourceTitle "Bundesliga 9697"]
[Source "DeepChess"]
[SourceDate "2005.01.01"]
[SourceVersion "1"]
[SourceVersionDate "2005.01.01"]
[SourceQuality "1"]
[WhiteTeam "SC Eppingen e.V."]
[BlackTeam "SG Porz e.V."]
[WhiteTeamCountry "GER"]
[BlackTeamCountry "GER"]

1. d4 f5 2. g3 Nf6 3. Bg2 g6 4. Nf3 Bg7 5. c4 O-O 6. Nc3 d6 7. O-O Qe8 8. b3
Na6 9. Re1 c6 10. e4 fxe4 11. Nxe4 Nxe4 12. Rxe4 Bf5 13. Re3 Qd7 14. Bb2 Rae8
15. Nh4 Bg4 16. f3 Bh3 17. Bxh3 Qxh3 18. Qe2 1/2-1/2

[Event "Bundesliga 9697"]
[Site "Deutschland"]
[Date "1997.??.??"]
[Round "?.2"]
[White "Hort, Vlastimil"]
[Black "Miltner, Arndt"]
[Result "0-1"]
[WhiteElo "2520"]
[BlackElo "2375"]
[PlyCount "94"]
[EventDate "1996.10.??"]
[EventType "team"]
[EventRounds "15"]
[EventCountry "GER"]
[SourceTitle "Bundesliga 9697"]
[Source "DeepChess"]
[SourceDate "2005.01.01"]
[SourceVersion "1"]
[SourceVersionDate "2005.01.01"]
[SourceQuality "1"]
[WhiteTeam "SG Porz e.V."]
[BlackTeam "SC Eppingen e.V."]
[WhiteTeamCountry "GER"]
[BlackTeamCountry "GER"]

1. d4 d6 2. c4 e5 3. Nf3 e4 4. Ng5 Nf6 5. Nc3 Qe7 6. Qc2 Bf5 7. g4 Bg6 8. Bg2
Nc6 9. e3 Nxg4 10. Ngxe4 f5 11. Nd5 Qd7 12. Nec3 Be7 13. Qb3 Rb8 14. Bd2 Bh4
15. O-O O-O 16. h3 Nf6 17. Nxf6+ Bxf6 18. Nd5 Bg5 19. f4 Bh4 20. Rac1 Kh8 21.
c5 Bf7 22. cxd6 Qxd6 23. Qa3 Qd7 24. Nb4 Nxb4 25. Bxb4 Rfe8 26. Qxa7 c6 27. Qa3
Re6 28. Qd3 Rg6 29. Rc2 Bd5 30. Kh2 Bg3+ 31. Kg1 Re8 32. Re2 Bxg2 33. Rxg2 Qd5
34. Qc2 Rxe3 35. Bc5 Re8 36. b3 h6 37. a4 Kh7 38. a5 Re3 39. b4 Rb3 40. Qe2 Rc3
41. Kh1 Re6 42. Qa2 Rb3 43. Kg1 Ree3 44. b5 cxb5 45. a6 bxa6 46. Qxa6 Qe4 47.
Qa2 Re1 0-1

[Event "Bundesliga 9697"]
[Site "Deutschland"]
[Date "1997.??.??"]
[Round "?.3"]
[White "Mann, Christian"]
[Black "Christiansen, Larry Mark"]
[Result "1/2-1/2"]
[WhiteElo "2440"]
[BlackElo "2560"]
[PlyCount "100"]
[EventDate "1996.10.??"]
[EventType "team"]
[EventRounds "15"]
[EventCountry "GER"]
[SourceTitle "Bundesliga 9697"]
[Source "DeepChess"]
[SourceDate "2005.01.01"]
[SourceVersion "1"]
[SourceVersionDate "2005.01.01"]
[SourceQuality "1"]
[WhiteTeam "SC Eppingen e.V."]
[BlackTeam "SG Porz e.V."]
[WhiteTeamCountry "GER"]
[BlackTeamCountry "GER"]

1. e4 c5 2. c3 e6 3. d4 d5 4. exd5 exd5 5. Be3 c4 6. b3 cxb3 7. axb3 Nc6 8. Bd3
Bd6 9. Qf3 Nge7 10. Ne2 O-O 11. Nd2 Bd7 12. Bf4 Qc7 13. O-O Rac8 14. b4 b6 15.
Nb3 Bxf4 16. Nxf4 Nd8 17. Rfc1 Bc6 18. b5 Ba8 19. Qg4 Ng6 20. Nxg6 hxg6 21.
Rxa7 Qxa7 22. Qxc8 Ne6 23. Qa6 Qc7 24. Qa2 Bb7 25. Qd2 Ra8 26. Ra1 Rc8 27. Rc1
Ra8 28. Bf1 g5 29. g3 Qd6 30. Bh3 Bc8 31. Bg2 Ra3 32. Qb2 Nc7 33. Nd2 Ra5 34.
c4 Qd8 35. Qb4 Bg4 36. cxd5 Nxd5 37. Qc4 Be6 38. Ne4 Nf4 39. d5 Nxd5 40. Rd1 g4
41. h3 Qc7 42. Qxc7 Nxc7 43. Rd8+ Kh7 44. Ng5+ Kg6 45. Nxe6 Nxe6 46. Rd5 gxh3
47. Bxh3 Kf6 48. f4 Ra1+ 49. Kf2 Ra2+ 50. Ke3 Ke7 1/2-1/2

[Event "Bundesliga 9697"]
[Site "Deutschland"]
[Date "1997.??.??"]
[Round "?.5"]
[White "Schneider, Bernd2"]
[Black "Stangl, Markus"]
[Result "0-1"]
[WhiteElo "2245"]
[BlackElo "2540"]
[PlyCount "96"]
[EventDate "1996.10.??"]
[EventType "team"]
[EventRounds "15"]
[EventCountry "GER"]
[SourceTitle "Bundesliga 9697"]
[Source "DeepChess"]
[SourceDate "2005.01.01"]
[SourceVersion "1"]
[SourceVersionDate "2005.01.01"]
[SourceQuality "1"]
[WhiteTeam "SC Eppingen e.V."]
[BlackTeam "SG Porz e.V."]
[WhiteTeamCountry "GER"]
[BlackTeamCountry "GER"]

1. e4 c5 2. Nf3 d6 3. d4 cxd4 4. Nxd4 Nf6 5. Nc3 a6 6. Be3 e5 7. Nb3 Be6 8. Qd2
Nbd7 9. f3 Rc8 10. g4 Be7 11. O-O-O b5 12. g5 Nh5 13. Ne2 Nb6 14. Na5 Na4 15.
Kb1 O-O 16. Nb3 Qc7 17. Ng3 Nf4 18. Bxf4 exf4 19. Nh5 Bxg5 20. Rg1 Bh6 21. Bd3
g6 22. Nd4 Qc5 23. Nf6+ Kh8 24. Nxe6 Qe5 25. c3 Qxe6 26. Nd5 Qe5 27. h4 Rb8 28.
Bc2 Nb6 29. Bb3 a5 30. Nxb6 Rxb6 31. Qd4 Qxd4 32. cxd4 Bg7 33. Rg4 f5 34. exf5
Rxf5 35. Be6 Rf8 36. h5 d5 37. Bxd5 Rf5 38. Be4 Rxh5 39. Rxf4 Rd6 40. Bb7 Rh2
41. Re4 h5 42. Re8+ Kh7 43. Re7 Kh6 44. Be4 Bxd4 45. f4 Rxb2+ 46. Kc1 Rxa2 47.
Rd3 Rf2 48. Kb1 Rxf4 0-1

[Event "Bundesliga 9697"]
[Site "Deutschland"]
[Date "1997.??.??"]
[Round "?.6"]
[White "Van Wely, Loek"]
[Black "Bosbach, Gerhard"]
[Result "1-0"]
[WhiteElo "2645"]
[BlackElo "2265"]
[PlyCount "81"]
[EventDate "1996.10.??"]
[EventType "team"]
[EventRounds "15"]
[EventCountry "GER"]
[SourceTitle "Bundesliga 9697"]
[Source "DeepChess"]
[SourceDate "2005.01.01"]
[SourceVersion "1"]
[SourceVersionDate "2005.01.01"]
[SourceQuality "1"]
[WhiteTeam "SG Porz e.V."]
[BlackTeam "SC Eppingen e.V."]
[WhiteTeamCountry "GER"]
[BlackTeamCountry "GER"]

1. d4 Nf6 2. c4 e6 3. Nf3 d5 4. Nc3 c6 5. Bg5 h6 6. Bxf6 Qxf6 7. e3 Bb4 8. Qb3
Qe7 9. a3 Ba5 10. Bd3 Nd7 11. O-O O-O 12. Qc2 dxc4 13. Bxc4 a6 14. Ba2 Nf6 15.
Rac1 Bxc3 16. Qxc3 Rd8 17. Bb1 Bd7 18. e4 Be8 19. Qd3 g6 20. Qe3 Kg7 21. h3
Rdc8 22. Rc3 Rd8 23. Rfc1 Rab8 24. Ba2 Ra8 25. Ne5 Ng8 26. f4 f6 27. Nf3 Bf7
28. Bb1 Qe8 29. g4 Ne7 30. h4 Qd7 31. R3c2 Rh8 32. Rg2 Rac8 33. f5 exf5 34.
gxf5 Kf8 35. fxg6 Bxg6 36. Qf4 Qe6 37. Ba2 Qxe4 38. Qxf6+ Ke8 39. Qxh8+ Kd7 40.
Qf6 Qe3+ 41. Kh2 1-0